Die 9 größten Fußballstadien in Bremen und Bremerhaven - Statistiken

Allgemein
  • Dieses Quiz wurde 11 mal gespielt
  • Das Durchschnittsergebnis liegt bei 3 aus 9
Antwortstatistiken
Kapazität Stadion % Korrekt
42.100 Weserstadion (Bremen-Östliche Vorstadt)
100%
8.000 Stadion am Panzenberg (Bremen-Utbremen)
55%
5.500 Amateurstadion Platz 11 (Bremen-Östliche Vorstadt)
45%
10.000 Nordseestadion (Bremerhaven)
27%
5.050 Marko-Mock-Arena (Bremen-Oberneuland)
18%
5.000 Bezirkssportanlage Burgwallstadion (Bremen-Blumenthal)
9%
5.000 Bezirkssportanlage Hanseaten-Kampfbahn (Bremen-Woltmershausen)
0%
7.000 Bezirkssportanlage Speckenbüttel (Bremerhaven-Lehe-Speckenbüttel)
0%
5.000 Bezirkssportanlage Süd (Bremen-Huckelriede)
0%
Keine übereinstimmenden Quizze gefunden
Verteilung der Resultate
Anzahl Personen mit jedem Resultat
Perzentil nach korrekt beantworteten Fragen
Ihre Resultats-Entwicklung
Sie haben dieses Quiz noch nicht gespielt